Countries without the letter E - Statistics

General Stats
  • This quiz has been taken 35 times
  • The average score is 62 of 105
Answer Stats
Answer % Correct
Canada
85%
Norway
85%
India
81%
Finland
78%
Iran
78%
Japan
78%
Australia
74%
Iraq
74%
Italy
74%
Monaco
74%
Russia
74%
Andorra
70%
Angola
70%
China
70%
Panama
70%
Portugal
70%
Spain
70%
Togo
70%
Brazil
67%
Fiji
67%
Laos
67%
Latvia
67%
Mongolia
67%
Oman
67%
Poland
67%
Afghanistan
63%
Albania
63%
Austria
63%
Barbados
63%
Bhutan
63%
Cambodia
63%
Colombia
63%
Croatia
63%
Haiti
63%
Honduras
63%
Jordan
63%
Libya
63%
Lithuania
63%
Myanmar
63%
Pakistan
63%
Qatar
63%
Thailand
63%
Tuvalu
63%
Costa Rica
59%
Cuba
59%
Ghana
59%
Guyana
59%
Hungary
59%
Jamaica
59%
Mauritius
59%
Moldova
59%
Nauru
59%
Nicaragua
59%
Palau
59%
Paraguay
59%
San Marino
59%
Bahrain
56%
Bulgaria
56%
Comoros
56%
Dominica
56%
Malawi
56%
Malaysia
56%
Marshall Islands
56%
Mauritania
56%
Romania
56%
Samoa
56%
Slovakia
56%
Sri Lanka
56%
Taiwan
56%
Tonga
56%
Antigua and Barbuda
52%
Burundi
52%
Chad
52%
Cyprus
52%
Djibouti
52%
Gabon
52%
Kazakhstan
52%
Kiribati
52%
Kyrgyzstan
52%
Madagascar
52%
Morocco
52%
Rwanda
52%
Solomon Islands
52%
South Africa
52%
Syria
52%
Tanzania
52%
Trinidad and Tobago
52%
Uruguay
52%
Kuwait
48%
Malta
48%
Namibia
48%
Saint Lucia
48%
Uganda
48%
Botswana
44%
Burkina Faso
44%
Mali
44%
Saudi Arabia
44%
Somalia
44%
Sudan
44%
Tunisia
44%
Vanuatu
44%
Zambia
44%
Bolivia
41%
Tajikistan
41%
South Sudan
37%
No matching quizzes found
Score Distribution
Percent of People with Each Score
Percentile by Number Answered
Your Score History
You have not taken this quiz